|
|
|
|
| LEADER |
02512nam a2200625 i 4500 |
| 001 |
nkc20162774590 |
| 003 |
CZ PrNK |
| 005 |
20160823091948.0 |
| 007 |
ta |
| 008 |
160127s2016 xr a e f 001 0 cze |
| 015 |
|
|
|a cnb002774590
|
| 020 |
|
|
|a 978-80-7406-317-6
|q (vázáno)
|
| 035 |
|
|
|a (OCoLC)946293868
|
| 040 |
|
|
|a BOA001
|b cze
|d ABA001
|e rda
|
| 041 |
1 |
|
|a cze
|h eng
|
| 072 |
|
7 |
|a 613
|x Hygiena. Lidské zdraví
|2 Konspekt
|9 14
|
| 080 |
|
|
|a 613.2
|2 MRF
|
| 080 |
|
|
|a 663/664
|2 MRF
|
| 080 |
|
|
|a 614
|2 MRF
|
| 080 |
|
|
|a 616
|2 MRF
|
| 080 |
|
|
|a 613.2.03
|2 MRF
|
| 080 |
|
|
|a 615.874.2
|2 MRF
|
| 080 |
|
|
|a (0.062)
|2 MRF
|
| 130 |
0 |
|
|a Foods that harm, foods that heal.
|l Česky
|
| 245 |
1 |
0 |
|a Jídlo jako jed, jídlo jako lék :
|b nejlepší a nejhorší volby pro přirozenou prevenci a léčbu zdravotních problémů /
|c z anglického originálu Foods that harm, foods that heal přeložili Petra Královcová, Eliška Matyášová a Jiří Mayer
|
| 250 |
|
|
|a Druhé, přepracované a rozšířené vydání
|
| 264 |
|
1 |
|a Praha :
|b Tarsago Česká republika,
|c 2016
|
| 300 |
|
|
|a 395 stran :
|b barevné ilustrace ;
|c 27 cm
|
| 336 |
|
|
|a text
|b txt
|2 rdacontent
|
| 337 |
|
|
|a bez média
|b n
|2 rdamedia
|
| 338 |
|
|
|a svazek
|b nc
|2 rdacarrier
|
| 490 |
1 |
|
|a Reader's Digest
|
| 500 |
|
|
|a Terminologický slovník
|
| 500 |
|
|
|a Obsahuje rejstřík
|
| 650 |
0 |
7 |
|a výživa člověka
|7 ph127487
|x zdravotní aspekty
|2 czenas
|
| 650 |
0 |
7 |
|a potraviny
|7 ph115833
|x zdravotní aspekty
|2 czenas
|
| 650 |
0 |
7 |
|a dietetika
|7 ph119435
|2 czenas
|
| 650 |
0 |
7 |
|a dietoterapie
|7 ph119436
|2 czenas
|
| 650 |
0 |
9 |
|a human nutrition
|x health aspects
|2 eczenas
|
| 650 |
0 |
9 |
|a food
|x health aspects
|2 eczenas
|
| 650 |
0 |
9 |
|a dietetics
|2 eczenas
|
| 650 |
0 |
9 |
|a dietotherapy
|2 eczenas
|
| 655 |
|
7 |
|a populárně-naučné publikace
|7 fd131864
|2 czenas
|
| 655 |
|
9 |
|a popular works
|2 eczenas
|
| 700 |
1 |
|
|a Královcová, Petra
|7 xx0072027
|4 trl
|
| 700 |
1 |
|
|a Matyášová, Eliška,
|d 1982-
|7 mzk2007411249
|4 trl
|
| 700 |
1 |
|
|a Mayer, Jiří,
|d 1964-
|7 ola2003193817
|4 trl
|
| 830 |
|
0 |
|a Reader's Digest
|0 s
|
| 856 |
4 |
1 |
|u http://www.digitalniknihovna.cz/mzk/uuid/uuid:af343880-7575-11ea-8f71-005056827e52
|y Digitalizovaný dokument
|x NDK
|
| 910 |
2 |
|
|a BOA001
|b 3-1360.421
|
| 990 |
|
|
|a BK
|
| 995 |
|
|
|a 01
|
| 991 |
|
|
|b 201602
|c NOV
|
| 996 |
6 |
|
|b 2610659022
|c 3-1360.421
|l MZK
|r Sklad / do 1 hodiny
|n 3
|p p.v.
|w 001543167
|u 000010
|a 1
|e BOA001
|j MZK50
|s P
|
| 996 |
7 |
|
|b 2610679793
|c 3-1360.421
|l MZK
|r Sklad / do 1 hodiny
|n 13
|p kup
|w 001543167
|u 000020
|a 1
|e BOA001
|j MZK50
|s A
|